| 000 | 00380nam a2200133Ia 4500 | ||
|---|---|---|---|
| 008 | 220217s9999||||xx |||||||||||||| ||und|| | ||
| 020 | _a9780070248687 | ||
| 082 | _a006.6 DAV | ||
| 100 |
_aDavis, Michele, E. and Phillips, John, A _95523 |
||
| 245 | 0 | _aFlex 3 | |
| 260 |
_aTata mcgraw hill company Ltd _bNew Delhi _c2009 |
||
| 300 |
_aXIV, 274p. _b450 |
||
| 650 | _aMULTIMEDIA | ||
| 999 |
_c183925 _d183925 |
||